End Times Fascism: And the Fight for the Living ... Read More
Available copies
- 0 of 1 copy available at LARL/NWRL Consortium.
- 0 of 1 copy available at Lake Agassiz Regional Library. (Show preferred library)
Current holds
0 current holds with 1 total copy.
Show Only Available Copies
| Location | Call Number / Copy Notes | Barcode | Shelving Location | Status | Due Date |
|---|---|---|---|---|---|
| LARL Cataloging | LARL160469 (Text) | LARL160469 | New | On order | - |
Record details
- ISBN: 9780374621384
- ISBN: 0374621381
- Publisher: Farrar, Straus and Giroux 2026
| LDR | 00467nam a22001455a 4500 | ||
|---|---|---|---|
| 001 | 489966 | ||
| 003 | LARL_NWRL_CONSORTIUM | ||
| 008 | 260611s2026 |||| ||| |||||||||||| | ||
| 020 | . | ‡a9780374621384 ‡c$32.00 | |
| 020 | . | ‡a0374621381 ‡c$32.00 | |
| 100 | 1 | . | ‡aKlein, Naomi |
| 245 | 1 | 0. | ‡aEnd Times Fascism: And the Fight for the Living World |
| 260 | . | ‡bFarrar, Straus and Giroux ‡c2026 | |
| 263 | . | ‡a09/15/2026 ‡b2026-09-15 ‡c2026-09 | |
| 264 | . | ‡bFarrar, Straus and Giroux ‡c2026 | |
| 961 | . | ‡aZRO_L_CATALOGING ‡b1 ‡cNew ‡fpm ‡iBook ‡p32.00 | |
| 962 | . | ‡aANF 6-11-26 | |
| 905 | . | ‡uvanderl | |
| 901 | . | ‡a489966 ‡bAUTOGEN ‡c489966 ‡tbiblio ‡sIngram On-Order | |

Add to basket
Permalink
Disable Highlighting